000 00649nam a2200193Ii 4500
003 JO-AjNU
008 230605s9999||||xx |||||||||||||| ||und||
040 _aJO-AjNU
_bara
_erda
_cJO-AjNU
041 _aara
050 1 4 _aHB180.A7.M34.2007
100 3 _aمجيد،ضياء,
_eauthor
_932145
245 0 0 _aالنظرية الاقتصادية التحليل الاقتصادي الكلي
264 3 1 _aالاسكندرية:مؤسسة شباب الجامعة،2007
300 _a358ص
336 _atext
_btxt
_2rdacontent
337 _aunmediated
_bn
_2rdamedia
338 _avolume
_bnc
_2rdacarrier
650 4 _aالاقتصاد الكلي
_932146
999 _aA12943
_c16511
_d16511